000 00675nam a2200289Ia 4500
005 20260324132849.0
008 008 260324s9999 xx 000 0 eng d
020 _a9781315837451
037 _aEBOOK
040 _aCRL
040 _beng
040 _cCRL
041 _2eng
041 _aeng
084 _qCRL
100 _aJames E. Cronin
_91190913
245 0 _aNew Labour's Pasts
245 4 _bThe Labour Party and Its Discontents
260 _bTaylor and Francis
260 _c2004
365 _a
365 _b195
856 _uhttp://www.taylorfrancis.com/books/9781315837451
942 _cEBOOK
999 _c1789394
_d1789394